000 00372pab a2200145 454500
008 180718b1988 xxu||||| |||| 00| 0 eng d
100 _aGolandaz, H.M.
245 _aMunicipal personnel system in Maharashtra
260 _c1988
300 _a64-71
362 _aJul.-Sept.
650 _aMunicipal Government - India - Maharashtra
773 _aNagarlok
909 _a14225
999 _c14225
_d14225